<?xml version="1.0" encoding="UTF-8"?>
<record
    xmlns:xsi="http://www.w3.org/2001/XMLSchema-instance"
    xsi:schemaLocation="http://www.loc.gov/MARC21/slim http://www.loc.gov/standards/marcxml/schema/MARC21slim.xsd"
    xmlns="http://www.loc.gov/MARC21/slim">

  <leader>00665nam a2200229Ia 4500</leader>
  <controlfield tag="005">20230228114245.0</controlfield>
  <controlfield tag="008">230125s9999    xx            000 0 und d</controlfield>
  <datafield tag="020" ind1=" " ind2=" ">
    <subfield code="a">978-93-325-5511-2</subfield>
  </datafield>
  <datafield tag="041" ind1=" " ind2=" ">
    <subfield code="a">eng</subfield>
  </datafield>
  <datafield tag="082" ind1=" " ind2=" ">
    <subfield code="a">658.7</subfield>
    <subfield code="b">BLO</subfield>
  </datafield>
  <datafield tag="100" ind1=" " ind2=" ">
    <subfield code="a">Bloomberg D J</subfield>
    <subfield code="9">110939</subfield>
  </datafield>
  <datafield tag="245" ind1=" " ind2=" ">
    <subfield code="a">Logistics</subfield>
  </datafield>
  <datafield tag="250" ind1=" " ind2=" ">
    <subfield code="a">1st Ed.</subfield>
  </datafield>
  <datafield tag="260" ind1=" " ind2=" ">
    <subfield code="c">2015</subfield>
    <subfield code="b">Pearson Education</subfield>
    <subfield code="a">New Delhi</subfield>
  </datafield>
  <datafield tag="300" ind1=" " ind2=" ">
    <subfield code="a">310p</subfield>
  </datafield>
  <datafield tag="500" ind1=" " ind2=" ">
    <subfield code="a">Logistics management;Materials and Logistics Management</subfield>
  </datafield>
  <datafield tag="650" ind1=" " ind2=" ">
    <subfield code="a">Logistics management;Materials and Logistics Management</subfield>
    <subfield code="9">119821</subfield>
  </datafield>
  <datafield tag="700" ind1=" " ind2=" ">
    <subfield code="a">Bloomberg D J; Lemay S B &amp; Hanna J B</subfield>
    <subfield code="9">110940</subfield>
  </datafield>
  <datafield tag="906" ind1=" " ind2=" ">
    <subfield code="b">69.72</subfield>
  </datafield>
  <datafield tag="942" ind1=" " ind2=" ">
    <subfield code="c">BK</subfield>
  </datafield>
  <datafield tag="999" ind1=" " ind2=" ">
    <subfield code="c">94072</subfield>
    <subfield code="d">94072</subfield>
  </datafield>
  <datafield tag="952" ind1=" " ind2=" ">
    <subfield code="0">0</subfield>
    <subfield code="1">0</subfield>
    <subfield code="4">0</subfield>
    <subfield code="7">0</subfield>
    <subfield code="a">HIMR</subfield>
    <subfield code="b">HIMR</subfield>
    <subfield code="d">2016-03-08</subfield>
    <subfield code="e">Pritam Book Centre</subfield>
    <subfield code="g">249.00</subfield>
    <subfield code="i">9840</subfield>
    <subfield code="l">0</subfield>
    <subfield code="o">658.7 BLO B14148</subfield>
    <subfield code="p">HIMR-BK-14148</subfield>
    <subfield code="r">2023-01-25 00:00:00</subfield>
    <subfield code="v">179.28</subfield>
    <subfield code="w">2016-03-08</subfield>
    <subfield code="y">BK</subfield>
    <subfield code="z">B14148</subfield>
  </datafield>
  <datafield tag="952" ind1=" " ind2=" ">
    <subfield code="0">0</subfield>
    <subfield code="1">0</subfield>
    <subfield code="4">0</subfield>
    <subfield code="7">0</subfield>
    <subfield code="a">HIMR</subfield>
    <subfield code="b">HIMR</subfield>
    <subfield code="d">2016-03-08</subfield>
    <subfield code="e">Pritam Book Centre</subfield>
    <subfield code="g">249.00</subfield>
    <subfield code="i">9840</subfield>
    <subfield code="l">0</subfield>
    <subfield code="o">658.7 BLO B14149</subfield>
    <subfield code="p">HIMR-BK-14149</subfield>
    <subfield code="r">2023-01-25 00:00:00</subfield>
    <subfield code="v">179.28</subfield>
    <subfield code="w">2016-03-08</subfield>
    <subfield code="y">BK</subfield>
    <subfield code="z">B14149</subfield>
  </datafield>
  <datafield tag="952" ind1=" " ind2=" ">
    <subfield code="0">0</subfield>
    <subfield code="1">0</subfield>
    <subfield code="4">0</subfield>
    <subfield code="7">0</subfield>
    <subfield code="a">HIMR</subfield>
    <subfield code="b">HIMR</subfield>
    <subfield code="d">2019-02-13</subfield>
    <subfield code="e">Pritam Book Centre</subfield>
    <subfield code="g">399.00</subfield>
    <subfield code="i">10760</subfield>
    <subfield code="l">0</subfield>
    <subfield code="o">658.7 BLO B18343</subfield>
    <subfield code="p">HIMR-BK-18343</subfield>
    <subfield code="r">2023-01-25 00:00:00</subfield>
    <subfield code="v">372.00</subfield>
    <subfield code="w">2018-02-12</subfield>
    <subfield code="y">BK</subfield>
    <subfield code="z">B18343</subfield>
  </datafield>
</record>
